000
00236nam a22000857a 4500
008
161129b xxu||||| |||| 00| 0 eng d
100
_9
1525
_a
Paces.S.E
245
_a
Tales From the Arabian Night
260
_a
New Delhi
_b
S.Chand Publication
_c
2010
999
_c
4254
_d
4254